Film Trivia Quiz #2 - Statistiken

Allgemein
  • Dieses Quiz wurde 75 mal gespielt
  • Das Durchschnittsergebnis liegt bei 7 aus 15
Antwortstatistiken
Frage Antwort % Korrekt
Mit welchem Auto reist Marty McFly in den Zurück in die Zukunft Filmen durch die Zeit? DeLorean
100%
Für welchen Film sang Celine Dion "My Heart will go on" Titanic
99%
Beim Film "Identität" aus dem Jahr 2003, stellt sich am Ende heraus, dass alle Personen... Erdachte Persönlichkeiten eines Schizophrenen sind
67%
Wer spielte die Rolle der Mary Poppins in der Verfilmung von 1964 Julie Andrews
59%
Der Film "The Founder" erzählt die Gründungsgeschichte von.... McDonald's
52%
Welcher Film ist inflationsbereinigt der erfolgreichste Film aller Zeiten nach Einspielergebnis. Vom Winde verweht
51%
In welchem Film erfindet Whoopi Goldberg einen männlichen Geschäftspartner um in der Finanzbranche ernst genommen zu werden? Wer ist Mr. Cutty?
51%
Aus welchem Film stammt das berühmte Zitat „Ich nehme, was sie hat“ (Original: „I'll have what she's having“) Harry und Sally
46%
Welcher Film beleuchtet Donald Trumps Leben näher? The Apprentice
46%
"Keyser Söze" kennt man aus dem Film... Die üblichen Verdächtigen
45%
Bette Davis war elfmal für den Oscar nominiert, gewonnen hat sie ihn zweimal, nämlich für... Jezebel & Gefährliche Liebe
26%
Greta Garbos erster Tonfilm war... Anna Christie
25%
Welche Schauspielerin hat mit Stand 2026 die meisten Oscars gewonnen? Katharine Hepburn
25%
Die Masterfrage : In welcher dieser Filme spielte Arnold Schwarzenegger NICHT mit (Achtung es zählen auch Fernsehfilme) Hard Rain
23%
Der Oscar für den besten Animationsfilm wurde 2002 eingeführt - Welcher Film gewann ihn als Erster? Shrek
20%
Keine übereinstimmenden Quizze gefunden
Verteilung der Resultate
Anzahl Personen mit jedem Resultat
Perzentil nach korrekt beantworteten Fragen
Ihre Resultats-Entwicklung
Sie haben dieses Quiz noch nicht gespielt